Práceneschopnosť je lukratívny biznis

Bibliographic Details
Main Authors: Dzurillová, Katarína (Author), Angelovič, Marián (Author)
Format: Article
Language:Slovak
Subjects:

MARC

LEADER 00000nab a2200000 a 4500
001 vtls001029922
003 SK-MaSNL
005 20260303193601.0
008 040720e20020104xo 0 slo
035 |a SL8476 
040 |a SLLK  |b slo  |c SLLK  |e AACR2 
041 0 |a slo 
044 |a xo  |c SK 
080 |a 368.941  |2 1981 
080 |a 369.223  |2 1981 
100 1 |a Dzurillová, Katarína  |4 aut  |9 838465 
245 1 0 |a Práceneschopnosť je lukratívny biznis 
650 0 7 |a pracovná neschopnosť  |2 SLLK  |9 81494 
650 0 7 |a príčiny  |2 SLLK  |9 276784 
650 0 7 |a štatistické údaje  |2 SLLK  |9 71119 
651 7 |a Stará Ľubovňa (Slovensko)  |2 SLLK  |9 19193 
651 7 |a SL,  |2 SLLK  |9 1022390 
655 7 |a periodikum  |2 snkbucl  |9 29553 
700 1 0 |a Angelovič, Marián  |4 aut  |9 435108 
773 0 8 |t Národná obroda  |g Roč. 13, č.3, 4.1.2002, s. 1,2 
852 |a ZVYKNI  |b KIS3GCP 
999 |c 2153113  |d 2155043